[Event "NOR-ch U18"]
[Site "Larvik"]
[Date "2019.07.11"]
[Round "7"]
[White "Kjaras, Alf Marius"]
[Black "Heier, Odin Nikolai"]
[Result "1-0"]
[WhiteElo "1860"]
[BlackElo "1863"]
[PlyCount "119"]
[EventDate "2019.07.05"]
[EventType "tourn"]
[EventRounds "9"]
[EventCountry "NOR"]
[SourceTitle "EXT 2024"]
[Source "ChessBase"]
[SourceDate "2023.10.10"]
[SourceVersion "1"]
[SourceVersionDate "2023.10.10"]
[SourceQuality "1"]

1. d4 d5 2. Bf4 Nf6 3. e3 c5 4. Nc3 a6 5. Nf3 Nc6 6. a3 cxd4 7. Nxd4 Bg4 8. f3 Bh5 9. h4 Bg6 10. g4 h6 11. Bd3 Bxd3 12. Qxd3 e6 13. 0-0-0 Nxd4 14. exd4 g6 15. Be5 Rg8 16. Rde1 Be7 17. Qe3 h5 18. g5 Nh7 19. Kb1 Qd7 20. Bg3 Rc8 21. Rh2 Qc6 22. Na2 a5 23. Rhe2 Nf8 24. Qb3 Nd7 25. Nc3 Nb6 26. Nb5 a4 27. Qd3 Qc4 28. Qxc4 dxc4 29. Nc3 Kf8 30. d5 Kg7 31. dxe6 fxe6 32. Rxe6 Bc5 33. Be5+ Kh7 34. Ne4 Nd5 35. Nxc5 Rxc5 36. Bd4 Rc7 37. Rd6 Nf4 38. Rd1 Rf7 39. Bf6 Rgf8 40. Rd7 Kg8 41. Rxf7 Kxf7 42. Rd4 Ng2 43. Rxc4 b5 44. Rc7+ Ke6 45. Re7+ Kd6 46. Re2 Nf4 47. Re4 Nd5 48. Be5+ Kd7 49. f4 Ne7 50. Rd4+ Ke6 51. Rd6+ Kf7 52. Rf6+ Ke8 53. Rxf8+ Kxf8 54. Bd6 Kf7 55. Bxe7 Kxe7 56. Kc1 Ke6 57. Kd2 Kf5 58. Ke3 Kg4 59. Ke4 Kxh4 60. Kf3 1-0

[Event "NOR-ch U18"]
[Site "Larvik"]
[Date "2019.07.05"]
[Round "1"]
[White "Kjaras, Alf Marius"]
[Black "Melaa, Sondre Lillestol"]
[Result "1-0"]
[WhiteElo "1860"]
[BlackElo "2118"]
[PlyCount "59"]
[EventDate "2019.07.05"]
[EventType "tourn"]
[EventRounds "9"]
[EventCountry "NOR"]
[SourceTitle "EXT 2024"]
[Source "ChessBase"]
[SourceDate "2023.10.10"]
[SourceVersion "1"]
[SourceVersionDate "2023.10.10"]
[SourceQuality "1"]

1. d4 d5 2. Bf4 Nf6 3. e3 e6 4. Nf3 Bd6 5. Bg3 0-0 6. Bd3 b6 7. Qe2 Bb7 8. c3 c5 9. Nbd2 Ne4 10. Bxe4 dxe4 11. Ne5 Bxe5 12. dxe5 Qd3 13. Qh5 Rd8 14. 0-0-0 Rf8 15. Bh4 h6 16. g4 Bd5 17. Bf6 Nc6 18. g5 Nb4 19. cxb4 cxb4 20. Nc4 Qxc4+ 21. Kd2 b3 22. gxh6 Qb4+ 23. Kc1 Rfc8+ 24. Kb1 bxa2+ 25. Ka1 gxf6 26. Rhg1+ Kf8 27. Rg7 Rc7 28. Rdg1 Qd2 29. Rg8+ Ke7 30. Qxf7+ 1-0

[Event "Villaguay Entre Rios Cup"]
[Site "Villaguay"]
[Date "2017.12.17"]
[Round "6"]
[White "Kjaras, Alf Marius"]
[Black "Numata, Gaston"]
[Result "1/2-1/2"]
[WhiteElo "1840"]
[BlackElo "1650"]
[PlyCount "44"]
[EventDate "2017.12.15"]
[EventType "swiss"]
[EventRounds "6"]
[EventCountry "ARG"]
[SourceTitle "EXT 2019"]
[Source "ChessBase"]
[SourceDate "2018.10.10"]
[SourceVersion "1"]
[SourceVersionDate "2018.10.10"]
[SourceQuality "1"]

1. e4 e5 2. Nf3 Nc6 3. Bb5 a6 4. Ba4 Nf6 5. d3 b5 6. Bb3 Be7 7. 0-0 d6 8. c3 0-0 9. h3 Na5 10. Bc2 c5 11. Nbd2 Qc7 12. Re1 Nc6 13. Nf1 Bd7 14. Ng3 Rfb8 15. Nh2 a5 16. f4 d5 17. Qf3 d4 18. Ne2 Rb7 19. g4 Qd8 20. f5 Ne8 21. Kh1 a4 22. cxd4 cxd4 1/2-1/2

[Event "Gualeguaychu Cup Baggio U2200"]
[Site "Gualeguaychu"]
[Date "2017.12.03"]
[Round "4.1"]
[White "Ayala, Marcelo"]
[Black "Kjaras, Alf Marius"]
[Result "1-0"]
[WhiteElo "2143"]
[BlackElo "1840"]
[PlyCount "109"]
[EventDate "2017.12.02"]
[EventType "swiss"]
[EventRounds "5"]
[EventCountry "ARG"]
[SourceTitle "EXT 2024"]
[Source "ChessBase"]
[SourceDate "2023.10.10"]
[SourceVersion "1"]
[SourceVersionDate "2023.10.10"]
[SourceQuality "1"]

1. e4 d6 2. d4 Nf6 3. Nc3 Nbd7 4. f4 c5 5. Nf3 cxd4 6. Qxd4 Qb6 7. Qxb6 Nxb6 8. Nb5 Nxe4 9. Nc7+ Kd8 10. Nxa8 Nxa8 11. Be3 b6 12. a4 a6 13. a5 b5 14. c4 bxc4 15. Bxc4 e6 16. Bd3 Nf6 17. 0-0 h6 18. Bb6+ Kd7 19. Nd2 Bb7 20. Bd4 Nd5 21. Be4 Nac7 22. Nc4 f5 23. Nb6+ Kd8 24. Bxd5 Nxd5 25. Nxd5 Bxd5 26. Rfc1 Kd7 27. Rc3 e5 28. fxe5 dxe5 29. Bxe5 Ke6 30. Bd4 Bd6 31. Re1+ Be4 32. Rc6 Kd5 33. Rxa6 Bd3 34. Rb6 Bc7 35. Rb7 Bxa5 36. Re5+ Kxd4 37. Rxa5 Rc8 38. Rxg7 Rc1+ 39. Kf2 Rc2+ 40. Kg3 Be4 41. Rd7+ Ke3 42. Ra3+ Ke2 43. b4 Rb2 44. Rd4 Kf1 45. Ra1+ Ke2 46. Kf4 h5 47. g3 Kf2 48. Rad1 Ke2 49. b5 Bb1 50. b6 Be4 51. h4 Rc2 52. Rb1 Rc8 53. Rb2+ Ke1 54. Ra4 Kd1 55. Ra1+ 1-0

[Event "Oslo op"]
[Site "Fornebu"]
[Date "2016.09.30"]
[Round "4"]
[White "Ingebretsen, Jens E"]
[Black "Kjaras, Alf Marius"]
[Result "1-0"]
[WhiteElo "1925"]
[BlackElo "1562"]
[PlyCount "69"]
[EventDate "2016.09.30"]
[EventType "swiss"]
[EventRounds "9"]
[EventCountry "NOR"]
[SourceTitle "EXT 2018"]
[Source "ChessBase"]
[SourceDate "2017.10.13"]
[SourceVersion "1"]
[SourceVersionDate "2017.10.13"]
[SourceQuality "1"]

1. e4 c5 2. Nf3 d6 3. d4 cxd4 4. Qxd4 Nc6 5. Bb5 Bd7 6. Qd3 Rc8 7. c4 Na5 8. 0-0 Nf6 9. Bg5 h6 10. Bxf6 gxf6 11. Nbd2 a6 12. Bxd7+ Qxd7 13. Nd4 Nc6 14. f4 Ne5 15. Qe2 Ng6 16. Rad1 b5 17. cxb5 axb5 18. Qxb5 Qxb5 19. Nxb5 Rc2 20. a4 Rxb2 21. Nc4 Rb4 22. Rc1 d5 23. Nc7+ Kd8 24. Nxd5 Rb8 25. Rfd1 e6 26. Nb4+ Ke8 27. Nd3 Be7 28. a5 Kf8 29. f5 exf5 30. exf5 Nh4 31. Nb6 Ke8 32. a6 Rxb6 33. Rc8+ Bd8 34. Ne5 Ke7 35. Rd7+ 1-0

[Event "Oslo op"]
[Site "Fornebu"]
[Date "2016.09.30"]
[Round "5"]
[White "Kjaras, Alf Marius"]
[Black "Landsverk, Ida"]
[Result "1-0"]
[WhiteElo "1562"]
[BlackElo "1431"]
[PlyCount "47"]
[EventDate "2016.09.30"]
[EventType "swiss"]
[EventRounds "9"]
[EventCountry "NOR"]
[SourceTitle "EXT 2018"]
[Source "ChessBase"]
[SourceDate "2017.10.13"]
[SourceVersion "1"]
[SourceVersionDate "2017.10.13"]
[SourceQuality "1"]

1. e4 c5 2. Nf3 d6 3. d4 cxd4 4. Nxd4 Nf6 5. Nc3 a6 6. Bc4 e6 7. Be3 Be7 8. f4 b5 9. Bb3 b4 10. Na4 Nxe4 11. 0-0 0-0 12. f5 exf5 13. Nxf5 Bxf5 14. Rxf5 Nd7 15. Bd5 Ndf6 16. Bxa8 Qxa8 17. Qd3 Qc6 18. Ra5 Rc8 19. Rc1 Ng4 20. Rxa6 Qc4 21. Ra8 Nxe3 22. Qxc4 Rxa8 23. Qxe4 Bg5 24. Qxa8+ 1-0